| 000 | 00640nam a2200241Ia 4500 | ||
|---|---|---|---|
| 008 | 160803s9999 xx 000 0 und d | ||
| 020 | _a0516228587 (paperback) | ||
| 100 | _aFishman, Cathy Goldberg | ||
| 245 | _aCar wash kid / | ||
| 245 | _cwritten by Cathy Goldberg Fishman ; illustrated by Barry Gott. | ||
| 260 | _aNew York : | ||
| 260 | _bScholastic Inc. | ||
| 260 | _c2003 | ||
| 300 | _a23 pages : | ||
| 300 | _bcolor illustrations ; | ||
| 300 | _c18 cm | ||
| 650 | _aCar washes -- | ||
| 650 | _aFathers and sons -- | ||
| 650 | _aStories in rhyme. | ||
| 650 | _xFiction. | ||
| 650 | _xFiction. | ||
| 700 | _aBR | ||
| 999 |
_c299435 _d299435 |
||